BIBLIOTECA “JULIO CORTÁZAR”
ESCUELA AGROTÉCNICA “LIBERTADOR GENERAL SAN MARTÍN” - UNR – CASILDA

Logo Escuela Logo UNR

Fitopatología : (Record no. 312)

MARC details
000 -LEADER
campo de control de longitud fija 00743nam#a22002895a#4500
001 - NÚMERO DE CONTROL
campo de control 312
008 - DATOS DE LONGITUD FIJA--INFORMACIÓN GENERAL
campo de control de longitud fija 060615s19751975ag#ao##f######001#0#spa#d
080 ## - NÚMERO DE LA CLASIFICACIÓN DECIMAL UNIVERSAL
Número de la Clasificación Decimal Universal 581.2
084 ## - OTRO NÚMERO DE CLASIFICACIÓN
Número de clasificación S23
040 ## - FUENTE DE CATALOGACIÓN
Centro catalogador/agencia de origen AR-ClEAG
Centro/agencia transcriptor AR-ClEAG
005 - FECHA Y HORA DE LA ÚLTIMA TRANSACCIÓN
campo de control 20241107184631.0
003 - IDENTIFICADOR DE NÚMERO DE CONTROL
campo de control AR-ClEAG
100 1# - ENTRADA PRINCIPAL--NOMBRE DE PERSONA
Nombre de persona Sarasola, Abel A.
245 10 - MENCIÓN DEL TÍTULO
Título Fitopatología :
Resto del título Curso Moderno. /
Mención de responsabilidad, etc. Abel A. Sarasola.
250 ## - MENCION DE EDICION
Mención de edición 1ª ed.
260 ## - PUBLICACIÓN, DISTRIBUCIÓN, ETC.
Lugar de publicación, distribución, etc. Buenos Aires :
Nombre del editor, distribuidor, etc. Hemisferio Sur,
Fecha de publicación, distribución, etc. 1975.
300 ## - DESCRIPCIÓN FÍSICA
Extensión 222 p. :
Otras características físicas fot., il. ;
Dimensiones 27 cm.
490 0# - MENCIÓN DE SERIE
Mención de serie Fitopatología ;
Designación de volumen o secuencia III
653 ## - TÉRMINO DE INDIZACIÓN--NO CONTROLADO
Término no controlado Bacterias
653 ## - TÉRMINO DE INDIZACIÓN--NO CONTROLADO
Término no controlado Microorganismos
653 ## - TÉRMINO DE INDIZACIÓN--NO CONTROLADO
Término no controlado Virosis
653 ## - TÉRMINO DE INDIZACIÓN--NO CONTROLADO
Término no controlado Plantas frutales
653 ## - TÉRMINO DE INDIZACIÓN--NO CONTROLADO
Término no controlado Hortalizas
653 ## - TÉRMINO DE INDIZACIÓN--NO CONTROLADO
Término no controlado Variedad
700 1# - ENTRADA AGREGADA--NOMBRE PERSONAL
Nombre de persona Sarasola, María A. Rocca.
942 ## - ELEMENTOS DE ENTRADA SECUNDARIOS (KOHA)
Tipo de ítem Koha Libros
980 ## - EQUIVALENCIA O REFERENCIA-CRUZADA-MENCIÓN DE SERIE--NOMBRE DE PERSONA/TÍTULO [LOCAL, CANADÁ]
Enlace 2
Nombre de persona Evangelina Gallicchio
Enlace entre campo y número de secuencia 2
Información miscelánea Evangelina Gallicchio
Holdings
Estatus retirado Estado de pérdida Fuente del sistema de clasificación o colocación Estado de daño No para préstamo Biblioteca de origen Biblioteca actual Ubicación en estantería Fecha de adquisición Número de inventario Total de préstamos Signatura topográfica completa Código de barras Visto por última vez Precio de reemplazo Tipo de ítem Koha
    Clasificación decimal universal     Julio Cortázar Julio Cortázar   07/11/2024 258   R5 581.2 S23 1 Ej.1 258 07/11/2024 07/11/2024 Libros

Contacto

Biblioteca Julio Cortázar. Escuela Agrotécnica "Libertador San Martín". Universidad Nacional de Rosario
Dirección: Ov. Lagos 1000 - 2170 Casilda - Santa Fe - Argentina
Tel: (54) (03464) 422226.
Fax: (54) (03464) 427789.
E-Mail: biblio-eac@unr.edu.ar